Every Character Mentioned In Narnia-The LLW - Statistics

General Stats
  • This quiz has been taken 23 times
  • The average score is 10 of 17
Answer Stats
Times Mentioend Answer % Correct
186 Edmund Pevensie
100%
201 Lucy Pevensie
100%
127 Peter Pevensie
100%
104 Susan Pevensie
100%
150 Aslan
94%
21 Jadis/The White Witch
94%
46 Mr. Tumnus
94%
77 Mr. Beaver
82%
33 Mrs. Beaver
82%
4 Maugrim
41%
6 Santa Claus/Father Christmas
41%
28 Adam
18%
21 Eve
18%
6 Giant Rumblebuffin
18%
1 Betty
6%
1 Margaret
6%
1 Ivy
0%
No matching quizzes found
Score Distribution
Percent of People with Each Score
Percentile by Number Answered
Your Score History
You have not taken this quiz